000 00596nam a2200193Ia 4500
008 151119s9999||||xx |||||||||||||| ||und||
082 _a922.945
082 _bGKKV22374
100 _aज्ञाननाथजी
245 _aयोगी हरिनाथजी भाग १२
260 _a--
260 _b--
260 _c1982
600 _aज्ञाननाथजी
630 _aयोगी हरिनाथजी भाग १२
700 _aज्ञाननाथजी
730 _aयोगी हरिनाथजी भाग १२
942 _cBOOK
999 _c1075124
_d1075121